Normal view
MARC view
- الاردن- تاريخ- عهد جلالة الملك عبدالله الثاني، عبدالله الثاني بن الحسين، ملك الاردن/ 1962
Entry Topical Term
001 - CONTROL NUMBER
- control field: 45095
003 - CONTROL NUMBER IDENTIFIER
- control field: JO-AjAnu
005 - DATE AND TIME OF LATEST TRANSACTION
- control field: 20230606081448.0
008 - FIXED-LENGTH DATA ELEMENTS
- fixed length control field: 230606|| aca||aabn | a|a d
040 ## - CATALOGING SOURCE
- Original cataloging agency: JO-AjAnu
- Transcribing agency: JO-AjAnu
150 ## - HEADING--TOPICAL TERM
- Topical term or geographic name entry element: الاردن- تاريخ- عهد جلالة الملك عبدالله الثاني، عبدالله الثاني بن الحسين، ملك الاردن/ 1962
670 ## - SOURCE DATA FOUND
- Source citation: Work cat.: (JO-AjAnu)23090: مؤتمر الشركات المتميزة في عهد جلالة الملك عبدالله الثاني ؛ اعداد وتحرير الخوالدة، مصطفى ، اعداد وتحرير زهران، ابراهيم, author 45094, أردن الهاشميون: مسيرة عطاء وإنجازات في عهد جلالة الملك عبدالله الثاني